New Zealand Quiz (Hard version) - Statistics

General Stats
  • This quiz has been taken 24 times
  • The average score is 8 of 15
Answer Stats
Hint Answer % Correct
What would you call the typical New Zealand cornerstore? the Dairy
73%
What aerobics 'dancing' programme is common in most primary school's? Jump Jam
68%
Which national park, sitting atop the South Island, was named after a famous explorer? Abel Tasman National Park
64%
What is the ferry service that takes you from the North to the South Island? the Interislander
64%
What event in 2019 could be described as New Zealand's darkest day? Christchurch Mosque Attacks
59%
Which 1987 song by the Patea Maori Club took New Zealand by storm? Poi e
59%
In what region would you find Fox Glacier? West Coast
59%
Which volcanic island that was once a tourist hotspot, is now shut off to all visitors due to a deadly eruption? White Island / Whakaari
59%
In which school year level does one begin intermediate school? Year 7
55%
If it weren't for your _____ where would you be? Gumboots
50%
What town is commonly referred to as the 'worst' in New Zealand? Huntly
50%
What is the Maori word for 'bathroom'? Wharepaku
50%
Which picturesque volcanic island sits off the coast of Auckland City? Rangitoto
45%
What town features in Jacinda Ardern's daughters middle name? Te Aroha
41%
"Left my scooter outside the dairy; _________" Nek minnit
32%
No matching quizzes found
Score Distribution
Percent of People with Each Score
Percentile by Number Answered
Your Score History
You have not taken this quiz